000 00693nam a22002417a 4500
003 UA-OsUOA
001 77947
007 ta
008 20110927b un ||||| |||| 00| 0 ukr d
100 _aХоткевич Г.М.
090 _a821.161.2
_bХ85
942 _cBK
040 _aUA-OsUOA
_bukr
_cUA-OsUOA
_dUA-OsUOA
245 _aАвірон; Довбуш
_bПовісті. Оповідання
_cупоряд., авт. післямови
300 _a559 с.
955 _a3
041 _aukr
080 _a821.161.2
020 _a5-308-00575-3
260 _aК.
_bДніпро
_c1990
650 7 _a82 Література. Літературознавство
_2UDC
999 _c364255
_d364255